Las Diez caras de la deuda /
সংরক্ষণ করুন:
| প্রধান লেখক: | |
|---|---|
| বিন্যাস: | পাঠ্য |
| বিষয়গুলি: | |
| ট্যাগগুলো: |
ট্যাগ যুক্ত করুন
কোনো ট্যাগ নেই, প্রথমজন হিসাবে ট্যাগ করুন!
|
MARC
| LEADER | 00000 a a2200000 04500 | ||
|---|---|---|---|
| 001 | 12081 | ||
| 003 | |||
| 040 | |||
| 100 | |a Gorostiaga, Xavier | ||
| 245 | |a Las Diez caras de la deuda / |c Xavier Gorostiaga | ||
| 650 | |a DEUDA EXTERNA | ||
| 650 | |a PAISES EN DESARROLLO | ||
| 650 | |a PAISES DESARROLLADOS | ||
| 650 | |a RECESION ECONOMICA | ||
| 650 | |a CAPITALISMO | ||
| 650 | |a GOBIERNO CENTRAL | ||
| 650 | |a PRESTAMOS | ||
| 650 | |a ORGANIZACIONES INTERNACIONALES | ||
| 650 | |a AUTODETERMINACION | ||
| 773 | |g número 31; páginas 34-38 | ||
| 999 | |c 24075 |d 24075 | ||
